Frontiers in cytology. (Record no. 12041)
[ view plain ]
| 000 -LEADER | |
|---|---|
| fixed length control field | 00917cam a22002651 4500 |
| 001 - CONTROL NUMBER | |
| control field | 12041 |
| 003 - CONTROL NUMBER IDENTIFIER | |
| rucl marc code | BD-RjUL |
| 005 - DATE AND TIME OF LATEST TRANSACTION | |
| control field | 20211208235227.0 |
| 008 - FIXED-LENGTH DATA ELEMENTS--GENERAL INFORMATION | |
| fixed length control field | 140128s1958 ctuacf b 010 0 eng d |
| 035 ## - SYSTEM CONTROL NUMBER | |
| System control number | (BD-RjUL)12090 |
| 040 ## - CATALOGING SOURCE | |
| Original cataloging agency | DLC/ICU |
| Transcribing agency | ICU |
| Modifying agency | DLC |
| -- | BD-RjUL |
| Language of cataloging | eng |
| 041 ## - LANGUAGE CODE | |
| Language code of text/sound track or separate title | eng |
| 082 00 - DEWEY DECIMAL CLASSIFICATION NUMBER | |
| Classification number | 576.304 |
| Author mark and year | FRO 1958 |
| 245 10 - TITLE STATEMENT | |
| Title | Frontiers in cytology. |
| Statement of responsibility, etc. | edited by Sanford L.Palay, |
| 260 ## - PUBLICATION, DISTRIBUTION, ETC. (IMPRINT) | |
| Place of publication, distribution, etc. | New Haven : |
| Name of publisher, distributor, etc. | Yale University Press, |
| Date of publication, distribution, etc. | c1958. |
| 300 ## - PHYSICAL DESCRIPTION | |
| Pagination | xii, 529 p. : |
| Illustrations | illus., plates,(253- port)., diagrs., tables. |
| Size | 24 cm. |
| 500 ## - GENERAL NOTE | |
| General note | "Based on a series of lectures presented at Yale University [during the winter of 1955] and dedicated to the memory of Henry Bunting." |
| 504 ## - BIBLIOGRAPHY, ETC. NOTE | |
| Bibliography, etc | Includes bibliographies. |
| 600 10 - SUBJECT ADDED ENTRY--PERSONAL NAME | |
| Personal name | Bunting, Henry, |
| Dates associated with a name | 1911-1954. |
| 650 #0 - SUBJECT ADDED ENTRY--TOPICAL TERM | |
| Topical term or geographic name as entry element | Cytology. |
| 9 (RLIN) | 37324 |
| 700 ## - ADDED ENTRY--PERSONAL NAME | |
| Personal name | Palay, Sanford L. |
| 942 ## - ADDED ENTRY ELEMENTS (KOHA) | |
| Source of classification or shelving scheme | Dewey Decimal Classification |
| Koha item type | Books |
| Lost status | Source of classification or shelving scheme | Damaged status | Not for loan | Collection code | Permanent Location | Current Location | Shelving location | Date acquired | Source of acquisition | Cost, normal purchase price | Total Checkouts | Full call number | Date last seen | Copy number | Koha item type |
|---|---|---|---|---|---|---|---|---|---|---|---|---|---|---|---|
| Dewey Decimal Classification | Not For Loan | Non-fiction | Central Library, University of Rajshahi | Central Library, University of Rajshahi | Reading Room | 12/10/1965 | Zeitlinger | 72.00 | 576.304 FRO 1958 | 28/01/2014 | C-1 | Books |